[Event "Pardubice KB op"]
[Site "Pardubice"]
[Date "2000.07.22"]
[Round "2"]
[White "Kubala, Martin"]
[Black "Kundin, Alexander"]
[Result "1-0"]
[WhiteElo "2308"]
[BlackElo "2444"]
[PlyCount "95"]
[EventDate "2000.07.21"]
[EventType "swiss"]
[EventRounds "9"]
[EventCountry "CZE"]
[SourceTitle "EXT 2001"]
[Source "ChessBase"]
[SourceDate "2000.11.22"]
[SourceVersion "1"]
[SourceVersionDate "2000.11.22"]
[SourceQuality "1"]

1. d4 d5 2. c4 c6 3. Nc3 Nf6 4. e3 e6 5. Nf3 Nbd7 6. Bd3 dxc4 7. Bxc4 b5 8. Bd3 a6 9. a4 b4 10. Ne4 c5 11. 0-0 Bb7 12. Ned2 Be7 13. a5 0-0 14. Qe2 Qc7 15. Rd1 Rfd8 16. Nc4 Rac8 17. Nfe5 Qb8 18. Bd2 Qa7 19. Be1 cxd4 20. exd4 Nxe5 21. dxe5 Nd5 22. Qh5 g6 23. Qg4 Kg7 24. Rac1 h5 25. Qg3 h4 26. Qg4 h3 27. g3 Rh8 28. Bxg6 fxg6 29. Qxe6 Qc5 30. Nd6 Qxc1 31. Rxc1 Rxc1 32. Kf1 Bc6 33. Qf7+ Kh6 34. Ke2 Bxd6 35. Bd2+ g5 36. Qe6+ Kg7 37. Bxc1 Rh6 38. Qf5 Be7 39. Bxg5 Bxg5 40. Qxg5+ Rg6 41. Qf5 b3 42. Kd2 Bb5 43. e6 Nf6 44. Qe5 Kh7 45. f3 Ne8 46. f4 Ng7 47. f5 Rg5 48. Qe4 1-0

[Event "Wch U18"]
[Site "Oropesa del Mar"]
[Date "1999.11.04"]
[Round "10"]
[White "Kundin, Alexander"]
[Black "Postny, Evgeny"]
[Result "0-1"]
[WhiteElo "2403"]
[BlackElo "2400"]
[PlyCount "84"]
[EventDate "1999.10.24"]
[EventType "swiss"]
[EventRounds "11"]
[EventCountry "ESP"]
[SourceTitle "CBM 072 Extra"]
[Source "ChessBase"]
[SourceDate "1999.11.18"]
[SourceVersion "1"]
[SourceVersionDate "1999.11.18"]
[SourceQuality "1"]

1. e4 e5 2. Nf3 Nc6 3. Bb5 Nf6 4. 0-0 Nxe4 5. d4 Nd6 6. Bxc6 dxc6 7. dxe5 Nf5 8. Qxd8+ Kxd8 9. Rd1+ Ke8 10. Nc3 a5 11. h3 a4 12. a3 Be6 13. Ng5 Ra5 14. Nxe6 fxe6 15. Rd3 Ne7 16. Bd2 Rxe5 17. Nxa4 Ng6 18. Nc3 Bd6 19. Be3 Kf7 20. Rad1 Rf8 21. g3 Kg8 22. Kg2 Ra5 23. Ne4 Rd5 24. c4 Rxd3 25. Rxd3 Ne5 26. Rb3 Nxc4 27. Rxb7 Be5 28. a4 Nxb2 29. Bc5 Nxa4 30. Bxf8 Kxf8 31. f4 Bd6 32. Ng5 Ke7 33. Nxh7 c5 34. Ng5 c4 35. Kf3 c3 36. Ke2 e5 37. f5 Nc5 38. Ra7 e4 39. Ra5 c2 40. Rxc5 Bxc5 41. Kd2 Be3+ 42. Kxc2 Bxg5 0-1

[Event "Wch U18"]
[Site "Oropesa del Mar"]
[Date "1999.11.02"]
[Round "9"]
[White "Stryjecki, Marek"]
[Black "Kundin, Alexander"]
[Result "0-1"]
[WhiteElo "2448"]
[BlackElo "2403"]
[PlyCount "127"]
[EventDate "1999.10.24"]
[EventType "swiss"]
[EventRounds "11"]
[EventCountry "ESP"]
[SourceTitle "CBM 072 Extra"]
[Source "ChessBase"]
[SourceDate "1999.11.18"]
[SourceVersion "1"]
[SourceVersionDate "1999.11.18"]
[SourceQuality "1"]

1. Nf3 d5 2. g3 Nf6 3. Bg2 Bf5 4. 0-0 e6 5. c4 c6 6. d3 Be7 7. Be3 Nbd7 8. cxd5 Nxd5 9. Bd2 Bg6 10. Nc3 0-0 11. a3 a5 12. Qc2 Qb6 13. Na4 Qa6 14. e4 N5b6 15. Nxb6 Qxb6 16. Be3 Qa6 17. h3 Rfd8 18. Rad1 c5 19. Nd2 Ne5 20. Nc4 Nc6 21. f4 f6 22. a4 Rd7 23. Rd2 Rad8 24. Rfd1 Bh5 25. g4 Bf7 26. Kh1 e5 27. fxe5 Nxe5 28. Nxe5 fxe5 29. Qc3 Bd6 30. Rc2 b6 31. Rf2 Bc7 32. Bf1 Qb7 33. Be2 Qc6 34. Rdf1 Be6 35. Bd1 h6 36. Bc2 Kh7 37. Rf8 Rxf8 38. Rxf8 Qd6 39. Rf3 Bd8 40. Kg2 Bg8 41. Bc1 Qe6 42. Be3 Bf6 43. Bf2 Bg5 44. Bg3 Rd4 45. Bf2 Rb4 46. Bg3 Bf4 47. Bxf4 exf4 48. Rxf4 Qa2 49. Rf2 Qxb2 50. Qxb2 Rxb2 51. Kf3 b5 52. axb5 Rxb5 53. Ke3 Rb2 54. e5 g6 55. d4 cxd4+ 56. Kxd4 Kg7 57. Kc3 Rb5 58. Re2 Be6 59. Bd3 Rb3+ 60. Kd4 a4 61. Rc2 a3 62. Rc7+ Kf8 63. Ra7 a2 64. Bxg6 0-1